| 000 | 00594nam a22002057a 4500 | ||
|---|---|---|---|
| 003 | OSt | ||
| 005 | 20160613120308.0 | ||
| 008 | 160613b xxu||||| |||| 00| 0 eng d | ||
| 020 | _a0415288770 | ||
| 040 | _cDLMN. | ||
| 082 | _aQV744S51p 2006. | ||
| 100 |
_aEdited by Smith,H.John. _99372 |
||
| 245 | _aSmith and williams' introduction to the principles of Drug design and Action. | ||
| 250 | _a4th ed. | ||
| 260 |
_aLondon. _bTaylor & Francis. _c2006. |
||
| 300 |
_axvi,658p; _bill; _c26cm. |
||
| 504 | _aincludes index and references. | ||
| 650 |
_aPharmacology. _9357 |
||
| 942 |
_2z _cO_SHELF |
||
| 999 |
_c4340 _d4340 |
||